| 000 | 00972nam0a22002531 4500 | ||
|---|---|---|---|
| 001 | rc\478568 | ||
| 005 | 20260407123211.0 | ||
| 035 | _a(NLR Aleph) 005721704 | ||
| 090 |
_a7486171 _c7486171 |
||
| 100 | _a20030616d1987 |||y0rusy50 ca | ||
| 101 | 0 | _arus | |
| 102 | _aRU | ||
| 105 | _ay ||||||||| | ||
| 200 | 1 |
_aМАТЕМАТИКА в лекционной пропаганде _eОбзор. рецензия _fО-во "Знание" УССР, [Подгот. чл.-корр. АН УССР А.Н. Боголюбовым] |
|
| 210 |
_aКиев _cО-во "Знание" УССР _cРДЭНТП _d1987 |
||
| 215 |
_a[1], 14 с. _d20 |
||
| 225 | 1 | _aВ помощь лектору | |
| 702 | 1 |
_aБоголюбов _bА.Н. _gАлексей Николаевич _4570 |
|
| 712 | 0 | 2 |
_a"Знание", общество УССР _cКиев _3RU\NLR\AUTH\889960976 _9418265 |
| 801 | 0 |
_aRU _bNLR _gpsbo |
|
| 801 | 1 |
_aRU _bELAR _2rusmarc |
|
| 852 |
_aNLR _j88-4/20573 |
||
| 942 | _cBOOK | ||
| 980 | _aNB | ||